[Event "Mumbai Mayors Cup 2nd"]
[Site "Mumbai"]
[Date "2009.05.01"]
[Round "1"]
[White "Gupta, Abhijeet"]
[Black "Mittal, Sanjoykumar"]
[Result "1-0"]
[WhiteElo "2570"]
[BlackElo "1808"]
[PlyCount "59"]
[EventDate "2009.05.01"]
[EventType "swiss"]
[EventRounds "11"]
[EventCountry "IND"]
[SourceTitle "CBM 130 Extra"]
[Source "ChessBase"]
[SourceDate "2009.07.02"]
[SourceVersion "2"]
[SourceVersionDate "2009.07.15"]
[SourceQuality "1"]

1. d4 Nf6 2. c4 g6 3. Nc3 d5 4. cxd5 Nxd5 5. Bd2 Bg7 6. e4 Nxc3 7. Bxc3 0-0 8. Bc4 c6 9. Ne2 b5 10. Bb3 a5 11. a3 Nd7 12. 0-0 e6 13. Rc1 Bb7 14. Ng3 Rc8 15. Qd2 a4 16. Ba2 Qh4 17. f4 c5 18. dxc5 Bxc3 19. Rxc3 Nxc5 20. Rfc1 Rcd8 21. Qe2 Nb3 22. Bxb3 axb3 23. Qxb5 Ba8 24. Qe5 Rfe8 25. Rxb3 f6 26. Qc7 f5 27. Qe5 Rd2 28. Rc7 Qh6 29. Nxf5 gxf5 30. Rg3+ 1-0